• 首页
  • 本馆介绍
  • 公告通知
  • 最新文献
  • 馆藏检索
  • 电子资源
  • 读者导购
  • 参考咨询
  • 我的图书馆
  • 登录
  • 详细信息显示
  • 放入我的书架
  • 预约/预借图书
  • 作者相关作品
  • 分类相关作品
  • 丛书相关作品
  • 出版社相关作品

书目信息

  • 表格格式
  • 工作单格式
  • 卡片格式
题名:
社会保险
    
 
作者: 侯文若 主编 ;孔泾源 主编
分册:  
出版信息: 北京   中国人民大学出版社  2004
页数: 255页
开本: 23cm
丛书名:
单 册:
中图分类: F840.61
科图分类:
主题词: 社会保险--教材 , 社会保险
电子资源:
ISBN: 7-300-05483-8
000 00984nam0 2200277 450
000 00997nam0 2200277 450
000 00927nam0 2200253 450
000 00891nam0 2200241 45
005 20070725103640.78
010    @a7-300-05483-8@dCNY18.00
100    @a20070626d2004 em y0chiy0120 ea
101 0  @achi
102    @aCN@b110000
105    @ay z 000yy
200 1  @a社会保险@AShe Hui Bao Xian@f侯文若,孔泾源主编@FHou Wen Ruo, Kong Jing Yuan Zhu Bian
210    @a北京@c中国人民大学出版社@d2004
215    @a255页@d23cm
300    @a教育部、保监会推荐教材经济管理类课程教材保险系列
330    @a本书对社会保险的各个险种进行介绍,注重在制度类别的研究中引入社会保险基金要素、社会保险财务管理等内容,并介绍了世界范围内社会保险制度的情况。
606 0  @a社会保险@j教材
606 0  @a社会保险
690    @aF840.61@v4
701  0 @a侯文若@AHou Wen Ruo@f(1932~)@4主编
702  0 @a孔泾源@AKong Jing Yuan@4主编
801  0 @aCN@bTAOJIN@c20070725
905    @a10447@dF840.61@e38
    
    社会保险/侯文若,孔泾源主编.-北京:中国人民大学出版社,2004
    255页;23cm
    教育部、保监会推荐教材经济管理类课程教材保险系列
    
    ISBN 7-300-05483-8:CNY18.00
    本书对社会保险的各个险种进行介绍,注重在制度类别的研究中引入社会保险基金要素、社会保险财务管理等内容,并介绍了世界范围内社会保险制度的情况。
●
相关链接 在E读中查询图书 在五车中查询图书 在当当中查询图书 在豆瓣中查询图书


正题名:社会保险     索取号:F840.61/38         预约/预借

序号 登录号 条形码 馆藏地/架位号 状态 备注
1 0824777   208247770   第一样本阅览室/ [索取号:F840.61/38] 在馆    
2 0824778   208247789   第一借阅区/ [索取号:F840.61/38] 在馆    
3 0824779   208247798   密集书库/ [索取号:F840.61/38] 在馆    
4 0824780   208247805   第一借阅区/ [索取号:F840.61/38] 在馆    
5 0824781   208247814   第一借阅区/ [索取号:F840.61/38] 在馆    
6 0824782   208247823   密集书库/ [索取号:F840.61/38] 在馆    
7 0824783   208247832   第一借阅区/ [索取号:F840.61/38] 在馆    
8 0824784   208247841   第一借阅区/ [索取号:F840.61/38] 在馆    
唐山师范学院图书馆 欢迎您!
大连网信软件有限公司© 版权所有